<?xml version="1.0" encoding="UTF-8"?>
<record
    xmlns:xsi="http://www.w3.org/2001/XMLSchema-instance"
    xsi:schemaLocation="http://www.loc.gov/MARC21/slim http://www.loc.gov/standards/marcxml/schema/MARC21slim.xsd"
    xmlns="http://www.loc.gov/MARC21/slim">

  <leader>00718naa a22001457i 4500</leader>
  <controlfield tag="001">9460</controlfield>
  <controlfield tag="003">KOSZ 005</controlfield>
  <controlfield tag="005">20180329135116.0</controlfield>
  <controlfield tag="008">180328s2001    pl ||||f |||| 00| 0 pol d</controlfield>
  <datafield tag="040" ind1=" " ind2=" ">
    <subfield code="a">005 KOSZ/AR</subfield>
    <subfield code="c">005 KOSZ/AR</subfield>
  </datafield>
  <datafield tag="100" ind1="1" ind2=" ">
    <subfield code="a">&#x17B;UREK-PYSZ, Urszula.</subfield>
    <subfield code="b">Politechnika Koszali&#x144;ska - Wydzia&#x142; Budownictwa i In&#x17C;ynierii &#x15A;rodowiska,</subfield>
    <subfield code="c">Katedra Geotechniki</subfield>
    <subfield code="d">1996 - .</subfield>
  </datafield>
  <datafield tag="245" ind1="1" ind2="0">
    <subfield code="a">Procesy diagenetyczne w holoce&#x144;skiej kredzie jeziornej wywo&#x142;ane obci&#x105;&#x17C;eniem : artyku&#x142; dyskusyjny /</subfield>
    <subfield code="c">Urszula &#x17B;urek-Pysz.</subfield>
  </datafield>
  <datafield tag="773" ind1=" " ind2=" ">
    <subfield code="i">W :</subfield>
    <subfield code="t">Biuletyn Pa&#x144;stwowego Instytutu Geologicznego. -</subfield>
    <subfield code="d">Warszawa : Pa&#x144;stwowy Instytut Geologiczny - Pa&#x144;stwowy Instytut Badawczy. -</subfield>
    <subfield code="g">2011, 446, 2, s. 437-442</subfield>
    <subfield code="x">0867-6143</subfield>
  </datafield>
  <datafield tag="942" ind1=" " ind2=" ">
    <subfield code="2">UKD</subfield>
    <subfield code="c">ART</subfield>
  </datafield>
  <datafield tag="999" ind1=" " ind2=" ">
    <subfield code="c">9460</subfield>
    <subfield code="d">9460</subfield>
  </datafield>
</record>
